000
00307nam a2200133Ia 4500
005
20251222143142.0
008
251222s9999||||xx |||||||||||||| ||spa||
020
_a
8483712717
082
_a
739/U61
245
0
_a
Estudios de Plateria
250
_a
1ra.ed.
264
_b
Universidad de Murcia
942
_c
LIB
999
_c
12350
_d
12350